| 000 | nam a22 7a 4500 | ||
|---|---|---|---|
| 999 |
_c331366 _d331366 |
||
| 003 | NUST | ||
| 005 | 20170926112100.0 | ||
| 008 | 170926b xxu||||| |||| 00| 0 eng d | ||
| 040 | _cNUST | ||
| 082 | _a351 | ||
| 100 |
_aKhan,Awais, Ajaz,Labeeqa, Mazhar,Malik Abdullah, Sheikh,Momiba, Dar,Rabie, & Jannat,Sadia _94988 |
||
| 245 | _aFinnish lessons for Pakistan's primary education framework a comparative study | ||
| 260 |
_aIslamabad _c2014 |
||
| 300 | _a39p | ||
| 942 |
_2ddc _cTH |
||